| 000 | 00603nam a2200193Ia 4500 | ||
|---|---|---|---|
| 003 | GCL | ||
| 008 | 140319s9999 xx 000 0 ara d | ||
| 040 |
_aGCL / _cGCL |
||
| 082 | 0 | 4 |
_a330 _bع م |
| 100 | 1 | _aعادل احمد حشيش | |
| 245 | 1 | 0 |
_aمقدمة فى الاقتصاد العام: المالية العامة / _cعادل احمد حشيش |
| 700 | 1 | _aمصطفى رشدى شيحة | |
| 260 |
_a[S.N] : _bدار المعرفة الجامعية ، _c1990 |
||
| 300 | _a351 ص | ||
| 490 | _a | ||
| 650 | 0 | 4 | _aالاقتصاد |
| 650 | 0 | 4 | _aالمالية العامة |
| 942 |
_2ddc _cBK |
||
| 999 |
_c46088 _d46088 |
||